000 00452nam a2200157Ia 4500
008 220216s9999 xx 000 0 und d
100 _ade Siqueira Filho Antonio S
245 0 _aNatural rubber coating: a new trend for the rubber tree plantation in Brazil
260 _bRubber World
_c2000
300 _a51-53
650 _aNatural rubber coating
700 _aCid Regina
700 _aCosta Djanira M
700 _aNakamura Lysia M
942 _cJS
999 _c63502
_d63502